000 01042nam a22003131i 4500
001 015597663
003 EG-ScBUE
005 20240911085319.0
008 110428t2011 nyua f b 001 0 eng d
020 _a9780071289429 (pbk.)
020 _a0071289429
040 _aEG-ScBUE
_beng
_erda
_cEG-ScBUE
_dEG-ScBUE
082 0 4 _a511.3
_222
_bMAR
100 1 _aMartin, John C.,
_eauthor.
_934486
245 1 0 _aIntroduction to languages and the theory of computation /
_cJohn C. Martin, North Dokota State University.
250 _aFourth edition.
250 _aInternational edition.
264 1 _aNew York :
_bMcGraw-Hill,
_c[2011]
264 4 _cc2011
300 _axii, 436 pages :
_billustrations ;
_c24 cm
336 _2rdacontent
_atext
_btxt
337 _aunmediated
_2rdamedia
_bn
338 _avolume
_bnc
_2rdacarrier
504 _aIncludes bibliographical references and index.
650 7 _aComputable functions.
_2BUEsh
_934488
650 7 _934487
_aSequential machine theory.
_2BUEsh
655 _vReading book
942 _2ddc
_cBB
999 _c17767
_d17739